[Event "GER-ch U25 op-A"]
[Site "Oberhof"]
[Date "2012.05.29"]
[Round "4"]
[White "Blumenthal, Clemens"]
[Black "Hartmann, Jakob"]
[Result "0-1"]
[WhiteElo "1435"]
[BlackElo "1723"]
[PlyCount "38"]
[EventDate "2012.05.27"]
[EventType "swiss"]
[EventRounds "9"]
[EventCountry "GER"]
[SourceTitle "CBM 148 Extra"]
[Source "ChessBase"]
[SourceDate "2012.06.22"]
[SourceVersion "1"]
[SourceVersionDate "2012.06.22"]
[SourceQuality "1"]

1. e4 d5 2. exd5 Qxd5 3. Nc3 Qd6 4. d4 Nf6 5. Nf3 a6 6. g3 b5 7. Bg2 Bb7 8. Bf4 Qb6 9. 0-0 e6 10. a3 Bd6 11. Be5 Nbd7 12. Re1 0-0 13. Qe2 Rfe8 14. Rad1 Rad8 15. h3 Nd5 16. Ne4 f6 17. Bxd6 cxd6 18. h4 e5 19. Qd3 f5 0-1

[Event "GER-ch U12"]
[Site "Oberhof"]
[Date "2011.06.18"]
[Round "11"]
[White "Sherif, Amina"]
[Black "Blumenthal, Clemens"]
[Result "1-0"]
[WhiteElo "1345"]
[BlackElo "1494"]
[PlyCount "61"]
[EventDate "2011.06.11"]
[EventType "swiss"]
[EventRounds "11"]
[EventCountry "GER"]
[SourceTitle "CBM 142 Extra"]
[Source "ChessBase"]
[SourceDate "2011.06.27"]
[SourceVersion "1"]
[SourceVersionDate "2011.06.27"]
[SourceQuality "1"]

1. e4 e6 2. Nc3 d5 3. Nf3 Bb4 4. a3 Bxc3 5. dxc3 dxe4 6. Qxd8+ Kxd8 7. Ng5 Ke8 8. Nxe4 Ne7 9. Bf4 Nd5 10. Bg3 c6 11. c4 Nb6 12. Nd6+ Ke7 13. 0-0-0 N8d7 14. Be2 Rd8 15. Rhe1 Kf8 16. Rd3 Nf6 17. Red1 Nbd7 18. Re3 a6 19. Bf3 Nb6 20. Bh4 Rb8 21. Bg3 Ra8 22. Be2 Ne8 23. Bh5 Nxd6 24. Bxd6+ Kg8 25. b3 Nd7 26. Be5 b5 27. c5 Bb7 28. Bc7 Re8 29. Rxd7 g6 30. Bf3 Ra7 31. Bb6 1-0

[Event "GER-ch U12"]
[Site "Oberhof"]
[Date "2011.06.14"]
[Round "5"]
[White "Nobis, Anna"]
[Black "Blumenthal, Clemens"]
[Result "1-0"]
[WhiteElo "1572"]
[BlackElo "1494"]
[PlyCount "83"]
[EventDate "2011.06.11"]
[EventType "swiss"]
[EventRounds "11"]
[EventCountry "GER"]
[SourceTitle "CBM 142 Extra"]
[Source "ChessBase"]
[SourceDate "2011.06.27"]
[SourceVersion "1"]
[SourceVersionDate "2011.06.27"]
[SourceQuality "1"]

1. e4 e6 2. d4 d5 3. Nc3 Bb4 4. e5 c5 5. Bd2 cxd4 6. Nb5 Bxd2+ 7. Qxd2 Nc6 8. Nf3 Qb6 9. 0-0-0 Nge7 10. Nd6+ Kf8 11. Qf4 Nf5 12. Nxf5 exf5 13. Nxd4 Nxd4 14. Qxd4 Qxd4 15. Rxd4 Be6 16. f4 Ke7 17. g3 Rhc8 18. Bg2 Rc5 19. Rhd1 Rd8 20. Kb1 b5 21. a4 a6 22. axb5 axb5 23. c3 Rc4 24. R4d3 Rc7 25. Kc2 Rcd7 26. b3 g5 27. Rd4 g4 28. Kb2 Rc7 29. Bxd5 Rdc8 30. Bxe6 fxe6 31. R1d3 h5 32. Rd6 Rh8 33. Rb6 Rd7 34. Rxd7+ Kxd7 35. Rd6+ Ke7 36. c4 b4 37. c5 h4 38. Kc2 hxg3 39. hxg3 Rh2+ 40. Rd2 Rxd2+ 41. Kxd2 Kd7 42. Kd3 1-0